FISHERIES AND FISH TOXICOLOGY (Record no. 216096)

MARC details
000 -LEADER
fixed length control field 00408nam a22001577a 4500
008 - FIXED-LENGTH DATA ELEMENTS--GENERAL INFORMATION
fixed length control field 250915b |||||||| |||| 00| 0 eng d
020 ## - INTERNATIONAL STANDARD BOOK NUMBER
International Standard Book Number 979-8-88715-059-8
100 ## - MAIN ENTRY--PERSONAL NAME
Personal name O'BRIEN SANDRA
245 ## - TITLE STATEMENT
Title FISHERIES AND FISH TOXICOLOGY
260 ## - PUBLICATION, DISTRIBUTION, ETC.
Place of publication, distribution, etc. DUBLIN
Name of publisher, distributor, etc. ORYSON PRESS
Date of publication, distribution, etc. 2023
300 ## - PHYSICAL DESCRIPTION
Extent 322P.
500 ## - GENERAL NOTE
General note INCLUDES AN INDEX
650 ## - SUBJECT ADDED ENTRY
Topical term or geographic name entry element FISH- TOXICOLOGY,
942 ## - ADDED ENTRY ELEMENTS (KOHA)
Source of classification or shelving scheme Library of Congress Classification
Koha item type Long Loan Book
Holdings
Withdrawn status Lost status Source of classification or shelving scheme Damaged status Not for loan Collection Home library Current library Shelving location Date acquired Inventory number Total checkouts Full call number Barcode Date last seen Copy number Price effective from Koha item type
    Library of Congress Classification     Science & Technology Kisii University Library Kisii University Library On Display 09/15/2025 109517   SH 174 .O27 2023 000000023834 09/15/2025 C.1 09/15/2025 Long Loan Book
    Library of Congress Classification     Science & Technology Kisii University Library Kisii University Library On Display 09/15/2025 109518   SH 174 .O27 2023 000000023833 09/15/2025 C.2 09/15/2025 Long Loan Book
    Library of Congress Classification     Science & Technology Kisii University Library Kisii University Library On Display 09/15/2025 109519   SH 174 .O27 2023 000000023832 09/15/2025 C.3 09/15/2025 Long Loan Book
    Library of Congress Classification     Science & Technology Kisii University Library Kisii University Library On Display 09/15/2025 109520   SH 174 .O27 2023 000000023879 09/15/2025 C.4 09/15/2025 Long Loan Book